| 000 | 01557nam0a2200349 4500 | ||
|---|---|---|---|
| 001 | RU\NLR\bibl\601275 | ||
| 005 | 20250610142314.0 | ||
| 010 |
_a5-93295-160-5 _92000 |
||
| 021 |
_aRU _b2004-70101 _93453 |
||
| 035 | _a(NLR Aleph) 000593214 | ||
| 090 |
_a1726325 _c1726325 |
||
| 100 | _a20050124d2004 |||y0rusy50 ca | ||
| 101 | 0 | _arus | |
| 102 | _aRU | ||
| 105 | _aa ||||||||| | ||
| 200 | 1 |
_aСудебно-медицинская экспертиза при подозрении на членовредительство и симуляцию _fВ.В. Колкутин, Ю.И. Соседко |
|
| 210 |
_aМ. _cЮрлитинформ _d2004 |
||
| 215 |
_a159 с. _cил. _d20 |
||
| 225 | 1 | _aСудебная медицина. XXI век | |
| 320 | _aБиблиогр.: с. 157-159 (41 назв.) | ||
| 606 | 0 |
_aСимуляция _xСудебно-медицинская экспертиза _91634111 _3RU\NLR\auth\661020381 |
|
| 606 | 0 |
_aСамоповреждения _xСудебно-медицинская экспертиза _92367495 _3RU\NLR\auth\661413308 |
|
| 606 | 0 |
_aАггравации заболеваний _xСудебно-медицинская экспертиза _92367496 _3RU\NLR\auth\661413309 |
|
| 686 | _aР811.3 | ||
| 700 | 1 |
_aКолкутин _bВ. В. _gВиктор Викторович _4070 |
|
| 701 | 1 |
_aСоседко _bЮ. И. _gЮлий Иванович _4070 |
|
| 801 | 0 |
_aRU _bNLR _c20050124 _gPSBO |
|
| 801 | 1 |
_aRU _bNLR _c20050124 |
|
| 830 | _aавт. по кн. | ||
| 942 | _cBOOK | ||
| 980 | _aNB | ||